LDR 00853naa#a2200253#i#450# 001 EN\\bibl\100579 005 20260418162241.6 011 ## _a2308-4057 100 ## _a20260325b2026####ek#y0engy0150####ca 101 0# _aENG 102 ## _aRU 200 1# _aCarcinogenesis of malignant neoplasms in cats: Development factors _eJournal article 210 1# _aKemerovo _cKemerovo State University _d2026 215 ## _a11 с. 608 ## _aJournal article _2local 675 ## _aСельское хозяйство. Лесное хозяйство. Охота. Рыбное хозяйство. 63 _zENG 700 #1 _aKaledin _gAnatoly P. 700 #1 _aStepanova _gMarina V. 700 #1 _aSotnikova _gLarisa F. 700 #1 _aZaitsev _gSergei Yu. 700 #1 _aMelikova _gYulia N. 700 #1 _aKuryndina _gAnastasia S. 700 #1 _aVilmis _gDaria A. 856 4# _ajstrategizing.kemsu.ru _u